000
00220nam a22000857a 4500
008
160914b xxu||||| |||| 00| 0 eng d
100
_9
473
_a
Sri.K
245
_a
English Grammer-8
260
_a
New Delhi
_b
J.B.I. Publications
_c
2011
999
_c
3130
_d
3130